Ochrana a audit databáz v reálnom čase

Bibliographic Details
Main Author: Hrapko, Juraj (Author)
Format: Article
Language:Slovak

MARC

LEADER 00000nab a2200000ua 4500
001 vtls010773407
003 SK-MaSNL
005 20260303104811.0
008 230121s2012 xo |||||||||||||||||slo|
035 |a (urnnbn)urn:nbn:sk:snk:ar-a01unn 
035 |a (uuid)592d3e0a-3052-453c-8ba6-2ab8de7f3b06 
035 |a urn:nbn:sk:snk-ab4goa 
040 |a SNKBUCL  |b slo  |c SNKBUCL  |e AACR2 
041 0 |a slo 
044 |a xo  |c SK 
100 1 |a Hrapko, Juraj  |4 aut  |9 1119614 
245 1 0 |a Ochrana a audit databáz v reálnom čase  |c Juraj Hrapko 
773 0 |t InfoWare : magazín IT profesionálov  |g Roč. 8, č. 3 (2012), s. 22-23 
954 |a odborná, vedecká literatúra pôvodná (slovenská)  |2 lita 
958 |a OND 
958 |a EUIPO 
958 |a article3 
999 |c 1858640  |d 1860570